Máquinas eléctricas: operación en estado estacionario

Gardado en:
Detalles Bibliográficos
Main Authors: Nasar, Syed Abu (autor), Boldea, Ion (Author)
Formato: Libro
Idioma:Lingua castelá
Publicado: Ciudad de México Continental 1993
Subjects:
Tags: Engadir etiqueta
Sen Etiquetas, Sexa o primeiro en etiquetar este rexistro!

MARC

LEADER 00000nam a2200000 a 4500
001 UCL2626
003 CL-VaPUC
008 031031e19930000MX |||||||||||||||||spa|d
020 |a 9682612314 
082 0 4 |a 621.31042  |b NAS  |2 21 
100 |a Nasar, Syed Abu  |e autor  |9 298478 
700 0 |a Boldea, Ion  |e author  |9 479734 
245 1 0 |a Máquinas eléctricas: operación en estado estacionario 
300 |a 250 p 
942 |c BK 
945 |d 20031031 00:00:00  |a cmena 
260 |a Ciudad de México  |b Continental  |c 1993 
650 0 |a Máquinas eléctricas  |9 260079 
650 0 |a Circuitos eléctricos   |9 260262 
650 0 |a Electromagnetismo   |9 260123 
583 |a last modification  |c 20031031 00:00:00  |k Rodrigo Vera 
999 |c 305883  |d 305881 
952 |0 0  |1 0  |2 ddc  |4 0  |6 621_310420000000000_NAS_1993  |7 0  |8 A  |9 370404  |a BIBING  |b BIBING  |c RES  |d 2019-11-21  |i 3957985  |o 621.31042 NAS 1993  |p 3957985  |r 2025-01-20  |w 2019-11-21  |y BK  |k EIE 
952 |0 0  |1 0  |2 ddc  |4 0  |6 621_310420000000000_NAS_1993  |7 0  |8 A  |9 370405  |a BIBING  |b BIBING  |c RES  |d 2019-11-21  |i 3957993  |o 621.31042 NAS 1993  |p 3957993  |r 2025-01-20  |w 2019-11-21  |y BK  |k EIE 
952 |0 0  |1 0  |2 ddc  |4 0  |6 621_310420000000000_NAS_1993  |7 0  |8 A  |9 370406  |a BIBING  |b BIBING  |c RES  |d 2019-11-21  |i 3958000  |o 621.31042 NAS 1993  |p 3958000  |r 2025-01-20  |w 2019-11-21  |y BK  |k EIE